Champion F1 depuis 1950 All - Statistiques

Statistiques générales
  • Ce quiz a été pris 49 fois
  • Le résultat moyen est 58 sur 75
Statistiques - réponses
Année Pilotes % Correct
1985 Alain Prost
100%
1986 Alain Prost
100%
1989 Alain Prost
100%
1993 Alain Prost
100%
1988 Ayrton Senna
98%
1990 Ayrton Senna
98%
1991 Ayrton Senna
98%
2005 Fernando Alonso
95%
2006 Fernando Alonso
95%
2008 Lewis Hamilton
95%
2014 Lewis Hamilton
95%
2015 Lewis Hamilton
95%
2017 Lewis Hamilton
95%
2018 Lewis Hamilton
95%
2019 Lewis Hamilton
95%
2020 Lewis Hamilton
95%
1994 Michael Schumacher
95%
1995 Michael Schumacher
95%
2000 Michael Schumacher
95%
2001 Michael Schumacher
95%
2002 Michael Schumacher
95%
2003 Michael Schumacher
95%
2004 Michael Schumacher
95%
2010 Sebastian Vettel
95%
2011 Sebastian Vettel
95%
2012 Sebastian Vettel
95%
2013 Sebastian Vettel
95%
2021 Max Verstappen
93%
2022 Max Verstappen
93%
2023 Max Verstappen
93%
2024 Max Verstappen
93%
1951 Juan Manuel Fangio
90%
1954 Juan Manuel Fangio
90%
1955 Juan Manuel Fangio
90%
1956 Juan Manuel Fangio
90%
1957 Juan Manuel Fangio
90%
1997 Jacques Villeneuve
85%
1982 Keke Rosberg
85%
2016 Nico Rosberg
85%
1975 Niki Lauda
85%
1977 Niki Lauda
85%
1984 Niki Lauda
85%
1996 Damon Hill
83%
1962 Graham Hill
83%
1968 Graham Hill
83%
2007 Kimi Räikkönen
83%
1961 Phil Hill
83%
1998 Mika Häkkinen
80%
1999 Mika Häkkinen
80%
2009 Jenson Button
78%
1976 James Hunt
75%
1981 Nelson Piquet
73%
1983 Nelson Piquet
73%
1987 Nelson Piquet
73%
1952 Alberto Ascari
68%
1953 Alberto Ascari
68%
1969 Jackie Stewart
65%
1971 Jackie Stewart
65%
1973 Jackie Stewart
65%
1992 Nigel Mansell
65%
1950 Giuseppe Farina
60%
1972 Emerson Fittipaldi
58%
1974 Emerson Fittipaldi
58%
1963 Jim Clark
45%
1965 Jim Clark
45%
1978 Mario Andretti
45%
1959 Jack Brabham
40%
1960 Jack Brabham
40%
1966 Jack Brabham
40%
1980 Alan Jones
33%
1979 Jody Scheckter
28%
1967 Denny Hulme
23%
1964 John Surtees
23%
1970 Jochen Rindt
20%
1958 Mike Hawthorn
18%
Aucun quiz correspondant
Distribution des résultats
% des personnes avec chaque résultat
Percentile par nombre de réponses
Votre historique - résultats
Vous n’avez pas pris ce quiz